000 00691nam a2200229Ia 4500
003 OSt
005 20220925204819.0
006 a|||||r|||| 00| 0
007 ta
008 220923b |||||||| |||| 00| 0 eng d
037 _cGeneral Book
040 _aRTL
_cRTL
_beng
041 _2eng
_aeng
082 _aX71:75.255.N52--N51t5, J1
110 _aMADHYA BHARAT (Govt of-)
_9269011
245 0 _aDetailed estimates and grants for the year 1951-52
260 _aGwalior
_bAlijah Darbar press
_c1951
300 _axiii,86p
_ccm.
700 _aMADHYA BHARAT (Govt of-)
_9269012
942 _hX71:75.255.N52--N51t5, J1
_cGB
_2CC
999 _c550487
_d550487